Normal view
MARC view
Entry Topical Term
001 - CONTROL NUMBER
- control field: 14152
003 - CONTROL NUMBER IDENTIFIER
- control field: ARRUPE
005 - DATE AND TIME OF LATEST TRANSACTION
- control field: 20150116134213.0
008 - FIXED-LENGTH DATA ELEMENTS
- fixed length control field: 150116|| aca||aabn | a|a d
040 ## - CATALOGING SOURCE
- Original cataloging agency: ARRUPE
- Transcribing agency: ARRUPE
150 ## - HEADING--TOPICAL TERM
- Topical term or geographic name as entry element: Physicists
- Geographic subdivision: United States
- General subdivision: Biography.
670 ## - SOURCE DATA FOUND
- Source citation: Work cat.: (ARRUPE)0: Wigner, Eugene Paul, 1902- 14150, The recollections of Eugene P. Wigner as told to Andrew Szanton., c1992.